00274nam a22001217a 450000500170000001000130001702000110003003500130004124500280005426000240008227000320010630000140013820230607121238.0 aB-691395 c300.00 aB-691395 aManorma year Book 2018/ aDelhibPansy Books  aSomesh ViharbDelhie110071 avp.c22cm